Fundamentals of port engineering / (Record no. 3138)
[ view plain ]
| 000 -LEADER | |
|---|---|
| fixed length control field | 03104cam a22004578i 4500 |
| 006 - FIXED-LENGTH DATA ELEMENTS--ADDITIONAL MATERIAL CHARACTERISTICS--GENERAL INFORMATION | |
| fixed length control field | m o d |
| 007 - PHYSICAL DESCRIPTION FIXED FIELD--GENERAL INFORMATION | |
| fixed length control field | cr ||||||||||| |
| 008 - FIXED-LENGTH DATA ELEMENTS--GENERAL INFORMATION | |
| fixed length control field | 230618s2024 flu ob 000 0 eng |
| 020 ## - INTERNATIONAL STANDARD BOOK NUMBER | |
| International Standard Book Number | 9781003227878 |
| Qualifying information | (ebook) |
| 020 ## - INTERNATIONAL STANDARD BOOK NUMBER | |
| International Standard Book Number | 1003227872 |
| 020 ## - INTERNATIONAL STANDARD BOOK NUMBER | |
| International Standard Book Number | 9781000932287 |
| Qualifying information | (electronic bk. : PDF) |
| 020 ## - INTERNATIONAL STANDARD BOOK NUMBER | |
| International Standard Book Number | 1000932281 |
| Qualifying information | (electronic bk. : PDF) |
| 020 ## - INTERNATIONAL STANDARD BOOK NUMBER | |
| International Standard Book Number | 9781000932386 |
| Qualifying information | (electronic bk. : EPUB) |
| 020 ## - INTERNATIONAL STANDARD BOOK NUMBER | |
| International Standard Book Number | 1000932389 |
| Qualifying information | (electronic bk. : EPUB) |
| 020 ## - INTERNATIONAL STANDARD BOOK NUMBER | |
| Qualifying information | (hardback) |
| 020 ## - INTERNATIONAL STANDARD BOOK NUMBER | |
| Qualifying information | (paperback) |
| 040 ## - CATALOGING SOURCE | |
| Original cataloging agency | IMU Kochi Library |
| Language of cataloging | eng |
| 041 0# - LANGUAGE CODE | |
| Language code of text/sound track or separate title | eng |
| 082 00 - DEWEY DECIMAL CLASSIFICATION NUMBER | |
| Classification number | 627/.58 |
| Edition number | 23/eng/20230629 |
| 100 1# - MAIN ENTRY--PERSONAL NAME | |
| Personal name | Schoonees, Koos, |
| 245 10 - TITLE STATEMENT | |
| Title | Fundamentals of port engineering / |
| 250 ## - EDITION STATEMENT | |
| Edition statement | First edition. |
| 300 ## - PHYSICAL DESCRIPTION | |
| Extent | 1 online resource |
| 505 0# - FORMATTED CONTENTS NOTE | |
| Formatted contents note | Ports, shipping, and maritime trade -- Environmental considerations -- Aspects of port management -- Port planning -- Ship motions, channels, and harbor areas -- Port equipment and infrastructure -- Conceptual design of port terminals -- Marine aids to navigation -- Dredging -- Asset management and maintenance of marine structures. |
| 520 ## - SUMMARY, ETC. | |
| Summary, etc | "Port engineering primarily deals with the design, construction, operation, management, and maintenance of ports, overlapping with many other disciplines. This book provides an introductory text to prospective (graduate) port engineers and presents a wide variety of port subjects for practicing engineers. It covers all topics related to port engineering in a fundamental way including dredging, aids to navigation, marinas, environmental issues, and dry bulk, general cargo, multi-purpose, Ro-Ro and, ferry terminals. Discussions targeted at a conceptual design level are augmented by examples and case studies. Features: Covers all aspects of port engineering including maritime trade, environmental aspects, port management, and so forth. Illustrates design of port terminals. Discusses site selection for a new port, the factors to be considered and ways to compare different potential port sites. Explores asset registers and individual asset maintenance plans. Includes case studies, examples, and practical and user-friendly guidelines. This book is aimed at graduate students in port engineering or more specifically: port design, port planning, terminal design, marinas, dredging, port maintenance, shipping and maritime trade, aids to navigation, and transport engineering"-- |
| 650 #0 - SUBJECT ADDED ENTRY--TOPICAL TERM | |
| Topical term or geographic name as entry element | Coastal engineering. |
| 650 #0 - SUBJECT ADDED ENTRY--TOPICAL TERM | |
| Topical term or geographic name as entry element | Harbors |
| General subdivision | Design and construction. |
| 650 #0 - SUBJECT ADDED ENTRY--TOPICAL TERM | |
| Topical term or geographic name as entry element | Harbors |
| General subdivision | Management. |
| 650 #7 - SUBJECT ADDED ENTRY--TOPICAL TERM | |
| Topical term or geographic name as entry element | TECHNOLOGY / Engineering / Civil |
| Source of heading or term | bisacsh |
| 852 ## - LOCATION/CALL NUMBER | |
| Location | IMU Kochi Library |
| 856 40 - ELECTRONIC LOCATION AND ACCESS | |
| Uniform Resource Identifier | <a href="https://www.taylorfrancis.com/books/9781003227878">https://www.taylorfrancis.com/books/9781003227878</a> |
| 856 42 - ELECTRONIC LOCATION AND ACCESS | |
| Uniform Resource Identifier | <a href="http://www.oclc.org/content/dam/oclc/forms/terms/vbrl-201703.pdf">http://www.oclc.org/content/dam/oclc/forms/terms/vbrl-201703.pdf</a> |
| 904 ## - LOCAL DATA ELEMENT D, LDD (RLIN) | |
| CATALOGER | Rudra Ranjan |
| 905 ## - LOCAL DATA ELEMENT E, LDE (RLIN) | |
| VERIFIER | Rudra Ranjan |
| 942 ## - ADDED ENTRY ELEMENTS (KOHA) | |
| Item type | E-Book |
| 264 #1 - | |
| -- | Boca Raton : |
| -- | CRC Press, |
| -- | 2024. |
| 520 ## - SUMMARY, ETC. | |
| -- | Provided by publisher. |
No items available.